000 01354nam a2200409 c 4500
001 16522
003 ES-MaCES
005 20190511040030.0
008 040527s2004 sp a t o000 | spa d
017 _aBI 205-2004
_bDL
020 _a8484460630
024 7 _a209-04-009-3
_2nipo
035 _aCES20040007287m
040 _aES-MaCES
_bspa
_cES-MaCES
245 0 0 _aTratamiento informativo de la inmigración en España, 2002
_cNicolás Lorite García (director)
260 _aMadrid
_bInstituto de Migraciones y Servicios Sociales
_c[2004]
300 _a227 p.
_bil. col.
_c22 cm
_e1 CD-ROM
490 1 _aColección Inmigración y refugio
_v8
500 _aPubl. también en CD-ROM
541 _cGratuito
650 4 _ainmigración
_928632
650 4 _amedios de comunicación de masas
_927878
650 4 _aprensa
_927880
650 4 _atelevisión
_927887
650 4 _aInternet
_930572
650 4 _aEspaña
_926964
650 4 _ainforme
_928986
650 4 _aCD ROM
_930331
650 4 _a2002
_936519
653 1 0 _aAsuntos Sociales
700 1 _aLorite García, Nicolás
_edir.
_917055
710 2 _aInstituto de Migraciones y Servicios Sociales (España)
_eed.
_94205
830 0 _aColección Inmigración y refugio
_v8
_933723
902 _aLIB Libro
942 _2CES
_cBK
_h3.3.
999 _c16522
_d16522